LA SITUACION DE LOS OBREROS DEL CALZADO EN LEON, GUANAJUATO/

INCLUYE BIBLIOGRAFIA

Tallennettuna:
Bibliografiset tiedot
Muut tekijät: Bazán, Lucia (autor) (autor)
Aineistotyyppi: Kirja
Sarja:LA CASA CHATA; 23
Aiheet:
Tagit: Lisää tagi
Ei tageja, Lisää ensimmäinen tagi!

MARC

LEADER 00000nam^a2200000^a^4500
001 000224579
005 20250521000000.0
009 20260310104055.51
020 |a 968-496-124-3 
035 |a 043351 
037 |a Acervo Xavier Clavigero 
082 |a 338. 476853092  |b SIT 
245 1 3 |a LA SITUACION DE LOS OBREROS DEL CALZADO EN LEON, GUANAJUATO/  |c LUCIA BAZAN ...[ ET. AL.] 
264 |a MEXICO :  |b CASA CHATA,  |c 1988 
300 |a 292p. 
336 |a texto  |b txt  |2 rdacontenido 
337 |a sin mediación  |b n  |2 rdamedio 
338 |a volumen  |b nc  |2 rdasoporte 
440 |a LA CASA CHATA;  |v 23 
520 |a INCLUYE BIBLIOGRAFIA 
649 |a XX 
650 |a Industria del Calzado -  |z León, Guanajuato 
650 |a TRABAJO Y TRABAJADORES -  |x LEON, GUANAJUATO 
700 |a Bazán, Lucia  |e (autor) 
910 |a Fondo General 
920 |a Impresos - Libros 
930 |a Colección General 
905 |a 101 
901 |a 043351  |b IT1  |c ACC  |i 043351  |u 20250521 
902 |a https://opac.biblio.iteso.mx/vufind/Record/000224579